[Event "Paris Apsap op 56th"]
[Site "Paris"]
[Date "2002.10.31"]
[Round "6"]
[White "Lobstein, Antoine"]
[Black "Stroppa, Daniel"]
[Result "0-1"]
[WhiteElo "2178"]
[BlackElo "2274"]
[PlyCount "110"]
[EventDate "2002.11.05"]
[EventType "swiss"]
[EventRounds "9"]
[EventCountry "FRA"]
[SourceTitle "CBM 091 Extra"]
[Source "ChessBase"]
[SourceDate "2003.01.09"]
[SourceVersion "1"]
[SourceVersionDate "2003.01.09"]
[SourceQuality "1"]

1. e4 d6 2. d4 g6 3. Nc3 Bg7 4. Nf3 a6 5. Bc4 e6 6. 0-0 h6 7. Re1 Nd7 8. a4 b6 9. Ne2 Bb7 10. Nf4 Qe7 11. Nd5 Qd8 12. Nf4 Qe7 13. a5 b5 14. Bd3 Ngf6 15. Qe2 g5 16. e5 gxf4 17. exf6 Qxf6 18. c4 bxc4 19. Bxc4 0-0 20. Ra3 d5 21. Bd3 c5 22. dxc5 Nxc5 23. Bb1 Ne4 24. Nd2 Nc5 25. Nf3 Rfc8 26. Ne5 Qxe5 27. Qxe5 Bxe5 28. Rxe5 Nd3 29. Bxd3 Rxc1+ 30. Bf1 Bc6 31. Rc3 Rxc3 32. bxc3 Bb5 33. Re1 Bxf1 34. Kxf1 Rc8 35. Rc1 Rc5 36. Ke2 Rxa5 37. Kf3 e5 38. Kg4 Rc5 39. Kf5 d4 40. c4 Kg7 41. Ke4 Kg6 42. Kd3 Kf5 43. Ra1 Rc6 44. f3 Rb6 45. c5 Rb3+ 46. Kc4 Rc3+ 47. Kd5 d3 48. Rd1 a5 49. c6 a4 50. Kd6 e4 51. fxe4+ Kxe4 52. Re1+ Kd4 53. Rf1 d2 54. Rxf4+ Kd3 55. Rf3+ Kc2 0-1

[Event "Strasbourg op"]
[Site "Strasbourg "]
[Date "1993.??.??"]
[Round "?"]
[White "Giffard, Nicolas"]
[Black "Lobstein, Antoine"]
[Result "1-0"]
[WhiteElo "2370"]
[BlackElo "2230"]
[PlyCount "121"]
[EventDate "1993.??.??"]
[EventType "swiss"]
[EventRounds "9"]
[EventCountry "FRA"]
[SourceTitle "EXT 2004"]
[Source "ChessBase"]
[SourceDate "2003.11.25"]
[SourceVersion "1"]
[SourceVersionDate "2003.11.25"]
[SourceQuality "1"]

1. b3 c5 2. Bb2 Nc6 3. e3 Nf6 4. Nf3 e6 5. c4 d5 6. cxd5 exd5 7. Bb5 Qb6 8. Be2 Be7 9. 0-0 0-0 10. Nc3 Bf5 11. Na4 Qd8 12. d4 cxd4 13. Nxd4 Nxd4 14. Qxd4 Qd6 15. Rfd1 Rfd8 16. Rac1 Rd7 17. g4 Be6 18. f4 Rc7 19. g5 Ne8 20. Bf3 Rxc1 21. Rxc1 Qb4 22. Nc5 Qxd4 23. Bxd4 Rc8 24. Nd3 Rxc1+ 25. Nxc1 b6 26. Ne2 f6 27. h4 Nc7 28. Nc3 Kf7 29. Kf2 Ke8 30. Ne2 Nb5 31. Bb2 Kd7 32. Ng3 Nd6 33. Ke2 Ne8 34. Nh5 Bf7 35. Nxg7 Nxg7 36. gxf6 Ne8 37. fxe7 Kxe7 38. Kd3 Kd6 39. Be5+ Kc5 40. h5 a6 41. Kc3 a5 42. a3 h6 43. b4+ axb4+ 44. axb4+ Kc6 45. Bg4 Nd6 46. f5 Be8 47. Bg7 Ne4+ 48. Kd4 Ng3 49. Bxh6 Bxh5 50. Bh3 Bf7 51. Ke5 Nh5 52. Bg2 Bg8 53. Bf3 Bf7 54. Be2 Be8 55. b5+ Kc7 56. Kxd5 Nf6+ 57. Kd4 Bf7 58. e4 Ng8 59. Bg5 Kd7 60. e5 Ba2 61. e6+ 1-0

[Event "Syre Memorial op 16th"]
[Site "Issy les Moulineaux"]
[Date "1993.??.??"]
[Round "1"]
[White "Hagopian, Stephane"]
[Black "Lobstein, Antoine"]
[Result "0-1"]
[WhiteElo "1940"]
[BlackElo "2230"]
[PlyCount "132"]
[EventDate "1993.05.??"]
[EventType "swiss"]
[EventRounds "6"]
[EventCountry "FRA"]
[SourceTitle "EXT 2004"]
[Source "ChessBase"]
[SourceDate "2003.11.25"]
[SourceVersion "1"]
[SourceVersionDate "2003.11.25"]
[SourceQuality "1"]

1. e4 Nc6 2. d4 d5 3. e5 Bf5 4. c3 e6 5. Nf3 Be7 6. Bd3 Bg4 7. h3 Bh5 8. g4 Bg6 9. Qe2 Qd7 10. Bf4 0-0-0 11. Nbd2 Kb8 12. b4 Rf8 13. a4 Bxd3 14. Qxd3 f6 15. a5 fxe5 16. Nxe5 Nxe5 17. Bxe5 Bd6 18. Nb3 Qf7 19. 0-0-0 Nf6 20. Bxd6 cxd6 21. f3 Ne8 22. Rhf1 g5 23. Rde1 Nc7 24. Kb2 Qd7 25. Qe3 h6 26. Rc1 Rf6 27. Nd2 Qb5 28. Rfe1 Rhf8 29. Qe2 Qxe2 30. Rxe2 h5 31. Rg1 h4 32. Kb3 Rf4 33. Rge1 R8f6 34. Re3 Kc8 35. Kc2 Kd7 36. Kb3 Nb5 37. Ra1 a6 38. Rae1 Na7 39. Rd3 Nc6 40. Rde3 Ke7 41. R1e2 Kd7 42. Re1 Nd8 43. Ka4 Rf7 44. Kb3 Re7 45. Rd3 Nc6 46. Ree3 Re8 47. Kc2 Rb8 48. Re1 Rbf8 49. Ree3 Na7 50. Re1 R8f7 51. Rde3 R4f6 52. Kb3 Nb5 53. Rd3 Rf8 54. Rde3 Rc8 55. Rd3 Rf4 56. Rde3 e5 57. dxe5 d4 58. e6+ Ke7 59. Rd3 dxc3 60. Ne4 Rxf3 61. Rxf3 Nd4+ 62. Ka2 Nxf3 63. Rc1 Kxe6 64. Nxc3 Rc4 65. Kb3 Nd2+ 66. Ka3 Rxc3+ 0-1

[Event "Paris-ch op"]
[Site "Paris"]
[Date "1993.??.??"]
[Round "2"]
[White "Lobstein, Antoine"]
[Black "Mohebbi, Jaffar"]
[Result "1/2-1/2"]
[WhiteElo "2230"]
[BlackElo "2300"]
[PlyCount "121"]
[EventDate "1993.04.??"]
[EventType "swiss"]
[EventRounds "9"]
[EventCountry "FRA"]
[SourceTitle "EXT 1998"]
[Source "ChessBase"]
[SourceDate "1997.11.17"]
[SourceVersion "1"]
[SourceVersionDate "1997.11.17"]
[SourceQuality "1"]

1. e4 d6 2. d4 Nf6 3. Nc3 g6 4. Nf3 Bg7 5. Be2 0-0 6. 0-0 c6 7. a4 a5 8. h3 Qc7 9. Be3 e5 10. dxe5 dxe5 11. Bc4 Na6 12. Qe2 Nh5 13. Rfd1 Nf4 14. Qd2 Re8 15. Ng5 Be6 16. Nxe6 Nxe6 17. Qd7 Re7 18. Bxe6 Rxd7 19. Rxd7 Qb8 20. Bxf7+ Kh8 21. Bg5 Nc5 22. Rd8+ Qxd8 23. Bxd8 Rxd8 24. Bc4 Rd2 25. Rd1 Rxd1+ 26. Nxd1 Nxa4 27. Kf1 Bh6 28. Ke2 Kg7 29. f3 Bc1 30. b3 Nc5 31. Ke1 b5 32. Be2 Kf6 33. Nf2 Ke6 34. Nd3 Nxd3+ 35. Bxd3 Kd6 36. Kd1 Bf4 37. c3 Kc5 38. Kc2 g5 39. Be2 Bg3 40. Kd3 Be1 41. Bd1 Bg3 42. Be2 Kd6 43. Bd1 Ke6 44. Be2 Kf6 45. Bd1 Kg6 46. Kc2 Kh5 47. f4+ Kh4 48. fxg5 Bf4 49. Bg4 Bxg5 50. Bd7 Kg3 51. Bxc6 Kxg2 52. Bd7 a4 53. bxa4 bxa4 54. Kb2 Be7 55. Bf5 h5 56. Bg6 h4 57. Bf5 Kf3 58. Ka2 Ke3 59. Bg6 Kd3 60. Bf5 Kxc3 61. Bg4 1/2-1/2

[Event "Budapest Spring op 09th"]
[Site "Budapest"]
[Date "1993.??.??"]
[Round "4"]
[White "Szalanczy, Emil"]
[Black "Lobstein, Antoine"]
[Result "1-0"]
[WhiteElo "2365"]
[BlackElo "2230"]
[PlyCount "83"]
[EventDate "1993.03.??"]
[EventType "swiss"]
[EventRounds "9"]
[EventCountry "HUN"]
[SourceTitle "EXT 1998"]
[Source "ChessBase"]
[SourceDate "1997.11.17"]
[SourceVersion "1"]
[SourceVersionDate "1997.11.17"]
[SourceQuality "1"]

1. e4 e5 2. Nf3 Nc6 3. Bb5 a6 4. Ba4 Nf6 5. 0-0 Be7 6. Re1 b5 7. Bb3 0-0 8. c3 d6 9. h3 h6 10. d4 Re8 11. Nbd2 Bf8 12. Nf1 Bb7 13. Ng3 g6 14. Bc2 Bg7 15. d5 Nb8 16. b3 c6 17. c4 cxd5 18. cxd5 Nbd7 19. Be3 Rc8 20. a4 Qc7 21. Re2 bxa4 22. Rxa4 Nc5 23. Ra2 Ra8 24. b4 Ncd7 25. Ba4 Reb8 26. Rec2 Qd8 27. Qc1 Kh7 28. Bc6 Ng8 29. Qa3 Bf8 30. Qa4 Ngf6 31. Nd2 Nb6 32. Qa5 Nfd7 33. Nb3 Be7 34. Qa3 f5 35. Na5 Bxc6 36. Nxc6 Qf8 37. Nxb8 Rxb8 38. Bxb6 Rxb6 39. exf5 gxf5 40. Rc7 Qd8 41. Ra7 f4 42. Qd3+ 1-0

[Event "Syre Memorial op 11th"]
[Site "Issy les Moulineaux"]
[Date "1988.04.??"]
[Round "?"]
[White "Lobstein, Antoine"]
[Black "Demarre, Jacques"]
[Result "0-1"]
[WhiteElo "2140"]
[BlackElo "2190"]
[PlyCount "98"]
[EventDate "1988.04.??"]
[EventType "swiss"]
[EventRounds "6"]
[EventCountry "FRA"]
[SourceTitle "EXT 2004"]
[Source "ChessBase"]
[SourceDate "2003.11.25"]
[SourceVersion "1"]
[SourceVersionDate "2003.11.25"]
[SourceQuality "1"]

1. e4 e5 2. Nf3 Nc6 3. Bb5 a6 4. Ba4 Nf6 5. d4 exd4 6. 0-0 Be7 7. Re1 0-0 8. e5 Ne8 9. Bf4 b5 10. Bb3 d5 11. c3 Bg4 12. cxd4 Bxf3 13. gxf3 Na5 14. Bc2 Qd7 15. Nc3 g6 16. Bh6 Ng7 17. f4 f5 18. Qf3 c6 19. Rac1 Nc4 20. Bb3 Nd2 21. Qd1 Nc4 22. Qf3 Rab8 23. Re2 Ne6 24. Bxf8 Nxd4 25. Qd3 Nxe2+ 26. Nxe2 Bxf8 27. Bxc4 bxc4 28. Rxc4 Rxb2 29. Ra4 c5 30. Rxa6 c4 31. Qe3 d4 32. Qf3 d3 33. Nc3 Qb7 34. Qc6 Qxc6 35. Rxc6 d2 36. Rxc4 Rc2 37. Rd4 Rxc3 38. Rxd2 Ra3 39. Kg2 Kf7 40. Rd7+ Be7 41. Rd2 Ke6 42. f3 Ra4 43. Kg3 Bb4 44. Re2 Bf8 45. Rb2 Bh6 46. Rb6+ Kd5 47. Rd6+ Kc5 48. Rd7 Bxf4+ 49. Kf2 Rxa2+ 0-1

[Event "Caen schev"]
[Site "Caen"]
[Date "1988.??.??"]
[Round "3"]
[White "Lobstein, Antoine"]
[Black "Badii, Madjid"]
[Result "1/2-1/2"]
[WhiteElo "2160"]
[BlackElo "2230"]
[PlyCount "33"]
[EventDate "1988.??.??"]
[EventType "schev"]
[EventRounds "5"]
[EventCountry "FRA"]
[SourceTitle "EXT 2004"]
[Source "ChessBase"]
[SourceDate "2003.11.25"]
[SourceVersion "1"]
[SourceVersionDate "2003.11.25"]
[SourceQuality "1"]

1. e4 c5 2. Nf3 Nc6 3. b3 d6 4. Bb5 Bd7 5. 0-0 Nf6 6. Re1 e5 7. Bb2 Be7 8. h3 a6 9. Bf1 b5 10. c3 b4 11. cxb4 Nxb4 12. Nc3 0-0 13. Bc4 Be6 14. d3 Qd7 15. Bc1 Nc6 16. Bg5 Nd4 17. Bxf6 1/2-1/2

[Event "Caen schev"]
[Site "Caen"]
[Date "1988.??.??"]
[Round "5"]
[White "Sidhoum, Mohamed"]
[Black "Lobstein, Antoine"]
[Result "1-0"]
[WhiteElo "2265"]
[BlackElo "2160"]
[PlyCount "123"]
[EventDate "1988.??.??"]
[EventType "schev"]
[EventRounds "5"]
[EventCountry "FRA"]
[SourceTitle "EXT 2004"]
[Source "ChessBase"]
[SourceDate "2003.11.25"]
[SourceVersion "1"]
[SourceVersionDate "2003.11.25"]
[SourceQuality "1"]

1. d4 d5 2. c4 e6 3. Nf3 Nf6 4. Nc3 Be7 5. Bg5 0-0 6. e3 h6 7. Bh4 Ne4 8. Bxe7 Qxe7 9. cxd5 Nxc3 10. bxc3 exd5 11. Qc2 Nc6 12. Rb1 b6 13. Bb5 Qf6 14. 0-0 Bf5 15. Bd3 Bxd3 16. Qxd3 Rfd8 17. c4 Ne7 18. c5 a6 19. cxb6 cxb6 20. a4 Rdc8 21. Rfc1 Qe6 22. Rxc8+ Nxc8 23. Ne5 Ne7 24. h3 f6 25. Nf3 Qc6 26. Qa3 Ra7 27. Qb3 Rb7 28. Ne1 Kh8 29. Nd3 b5 30. Nc5 Rb8 31. Qb4 Nf5 32. Qa5 Rb6 33. Nd7 Rb7 34. Qd8+ Kh7 35. Nc5 Ra7 36. axb5 axb5 37. Qb8 Ra5 38. Qb7 Qxb7 39. Nxb7 Ra2 40. g3 Kg6 41. Rxb5 Ne7 42. Nd8 Ra8 43. Ne6 Kf7 44. Nf4 Rd8 45. Rb7 Rd6 46. h4 g5 47. Nd3 gxh4 48. gxh4 Rd8 49. Nf4 Rd6 50. Kg2 Kf8 51. Kf3 Ra6 52. Rb5 Rd6 53. Kg4 f5+ 54. Kf3 Kf7 55. h5 Kf6 56. Rb7 Ra6 57. Rd7 Ra5 58. Rd6+ Kg5 59. Re6 Ra7 60. Rd6 Ra5 61. Kg3 Rb5 62. Ne6+ 1-0

[Event "FRA-chT 8788"]
[Site "France"]
[Date "1987.10.24"]
[Round "1"]
[White "Lobstein, Antoine"]
[Black "Petit, Eric"]
[Result "1-0"]
[WhiteElo "2255"]
[BlackElo "2200"]
[PlyCount "81"]
[EventDate "1987.10.24"]
[EventType "team-match"]
[EventRounds "11"]
[EventCountry "FRA"]
[SourceTitle "EXT 2005"]
[Source "ChessBase"]
[SourceDate "2004.11.15"]
[SourceVersion "1"]
[SourceVersionDate "2004.11.15"]
[SourceQuality "1"]
[WhiteTeam "Caen"]
[BlackTeam "Bordeaux"]
[WhiteTeamCountry "FRA"]
[BlackTeamCountry "FRA"]

1. e4 Nc6 2. Nf3 e5 3. Bb5 Nf6 4. 0-0 Nxe4 5. d4 Be7 6. Re1 Nd6 7. Bxc6 dxc6 8. dxe5 Nf5 9. Nc3 Qxd1 10. Rxd1 Be6 11. Bg5 Rd8 12. Rxd8+ Bxd8 13. Rd1 Be7 14. g4 Nh6 15. h3 Ng8 16. Kg2 h5 17. Rd4 hxg4 18. hxg4 f6 19. exf6 Nxf6 20. Ne5 Bc5 21. Rd2 Bd6 22. Re2 Bxe5 23. Rxe5 Kf7 24. f3 b6 25. a3 Rd8 26. Kf2 Rd7 27. Re1 a6 28. Rd1 Nd5 29. Ne4 Kf8 30. Kg3 a5 31. Rd2 Nf6 32. Bxf6 Rxd2 33. Bxg7+ Kxg7 34. Nxd2 Bf7 35. f4 Kf6 36. Ne4+ Ke7 37. f5 Bd5 38. Kf4 Ba2 39. g5 Kf7 40. Ke5 Bb1 41. g6+ 1-0